La comunidad de arácnidos epigeos (Arachnida) excepto ácaros, del sistema serrano de Tandilia (Buenos Aires) : órdenes y familias /

Guardado en:
Autor Principal: Schwerdt, Leonela.
Autor Corporativo: Universidad Nacional del Sur. Departamento de Biología, Bioquímica y Farmacia.
Otros Autores: Ferretti, Nelson, (dir. de tesina.)
Formato: Manuscrito
Idioma:Spanish
Publicado: 2013.
Materias:
Etiquetas: Agregar Etiqueta
Sin Etiquetas, Sea el primero en etiquetar este registro!
LEADER 01069ntm a22002415a 4500
001 EUN.eunm005146
008 140311s2013####ag#a#####b####000#0#spa#d
005 20251218164144.0
245 1 3 |a La comunidad de arácnidos epigeos (Arachnida) excepto ácaros, del sistema serrano de Tandilia (Buenos Aires) :  |b órdenes y familias /  |c tesinista Leonela Schwerdt ; director Nelson Ferretti. 
260 |c 2013. 
300 |a 50 h. :  |b il. ;  |c 30 cm. 
502 |a Tesina (licenciatura)--Universidad Nacional del Sur. Departamento de Biología, Bioquímica y Farmacia, 2013. 
504 |a Incluye referencias bibliográficas. 
100 1 |a Schwerdt, Leonela. 
700 1 |a Ferretti, Nelson,  |e dir. de tesina. 
710 2 |a Universidad Nacional del Sur.  |b Departamento de Biología, Bioquímica y Farmacia. 
082 0 4 |a 595.44  |2 19 
650 7 |a Zoología.  |2 unbist 
650 7 |a Arachnida.  |2 Icyt 
653 |a Buenos Aires (Argentina : Provincia) 
653 |a Reserva Natural Sierra del Tigre 
653 |a Tesinas 
859 |a AR-BaUNS  |b BIB. CENTRAL - Sector A  |h 595.4  |i Sc99  |p 129181/025  |t Ej.2